000
00268nam a2200097Ia 4500
082
_a
658 DIAS
245
0
_a
Introduction to business
100
_a
Dias, Laura Portolese Boston, [c.2009]
_9
92139
942
_c
BK
008
210817s9999 xx 000 0 und d
999
_c
374780
_d
374779